000 00583nam a2200193 i 4500
001 57598
003 ES-MaACL
005 20251115063238.0
007 t|
008 031017s1968 sp ||||1| spa d
100 1 _aDomínguez, Javier,
_d1929-
_9152738
245 1 0 _aEconomía política /
_c[Javier Domínguez Martín-Sánchez, Jaime Castiñeiras].
260 _aMadrid :
_bSipe,
_c[1968]
300 _a91 p. ;
_c17 cm.
650 0 7 _aEconomía
_2embne
_912006
700 1 _aCastiñeiras, Jaime.
_936788
852 _aES-MaACL
_jC-36725
_bR.67148
999 _c57598
_d57598